00603nam a2200193 a 4500008004100000020004400041040002500085041001300110044001100123080001200134100002600146245006900172250001300241260005300254300002800307490001900335700003100354700002400385951027s1990||||[C 0 slo c a8022202142c29 Kčs. q(90000 výtl.) aSNKbslocSNKeAACR21 aslohcze axocSK a885.0-31 aFrýbort, Pavel4aut10aVekslákcPavel Frýbort ; Božena Trilecová, Dušan Junek a1., vyd. aBratislavabTatranc1990eBratislavafSvornosť a279 s., 15,24 AHc20 cm0 aZenitvZv. 67.1 aTrilecová, Božena4trl1 aJunek, Dušan4bkd